அரசியல் என்றால் என்ன / (Record no. 719596)
[ view plain ]
| 000 -LEADER | |
|---|---|
| fixed length control field | 00549nam a2200181 4500 |
| 020 ## - INTERNATIONAL STANDARD BOOK NUMBER | |
| ISBN | 9789388000284 |
| 082 ## - DEWEY DECIMAL CLASSIFICATION NUMBER | |
| Classification number | 320 |
| Item number | JAW/A |
| 084 ## - OTHER CLASSIFICATION NUMBER | |
| Source of Number | Colon Classification |
| 100 ## - MAIN ENTRY--AUTHOR NAME | |
| Personal name | Jawahar Arumugam, V |
| 100 ## - MAIN ENTRY--AUTHOR NAME | |
| Personal name | ஜவஹர் ஆறுமுகம், வை |
| 240 ## - UNIFORM TITLE | |
| Uniform title | Arasiyal endral enna |
| 245 ## - TITLE STATEMENT | |
| Title | அரசியல் என்றால் என்ன / |
| Statement of responsibility, etc | by V Jawahar Arumugam |
| 260 ## - PUBLICATION, DISTRIBUTION, ETC. (IMPRINT) | |
| Place of publication | Chennai : |
| Name of publisher | M J Publication House, |
| Year of publication | 2020. |
| 300 ## - PHYSICAL DESCRIPTION | |
| Number of Pages | 168p. : |
| 546 ## - LANGUAGE NOTE | |
| Language note | Tamil |
| 650 ## - SUBJECT ADDED ENTRY--TOPICAL TERM | |
| Topical Term | Politics |
| 942 ## - ADDED ENTRY ELEMENTS (KOHA) | |
| Source of classification or shelving scheme | Dewey Decimal Classification |
| Koha item type | Book |
| Withdrawn status | Lost status | Source of classification or shelving scheme | Damaged status | Not for loan | Collection code | Home Library | Current Location | Shelving location | Date acquired | Cost, normal purchase price | Full call number | Accession Number | Price effective from | Koha item type |
|---|---|---|---|---|---|---|---|---|---|---|---|---|---|---|
| Dewey Decimal Classification | Non-fiction | Manonmaniam Sundaranar Int. Centre for Dravidian Cultural Studies | Manonmaniam Sundaranar Int. Centre for Dravidian Cultural Studies | General Stacks | 02/04/2024 | 200.00 | 320 JAW/A | MSI4744 | 02/04/2024 | Book |
